| 000 -LEADER |
| fixed length control field |
00534nam a22001697a 4500 |
| 008 - FIXED-LENGTH DATA ELEMENTS--GENERAL INFORMATION |
| fixed length control field |
210401b ||||| |||| 00| 0 eng d |
| 040 ## - CATALOGING SOURCE |
| Original cataloging agency |
BMS College of Architecture |
| 100 ## - MAIN ENTRY--PERSONAL NAME |
| Personal name |
Shariff, Attaullah, Mohammed |
| 245 ## - TITLE STATEMENT |
| Title |
College of Engineering Sarjapur road Bangalore |
| 300 ## - PHYSICAL DESCRIPTION |
| Extent |
NA |
| 500 ## - GENERAL NOTE |
| General note |
1BM99AT014 |
| 502 ## - DISSERTATION NOTE |
| Degree type |
B.Arch |
| Name of granting institution |
BMS College of Architecture, Visvesvaraya Technological University |
| Dissertation note |
Project report |
| Year degree granted |
2003 |
| 650 ## - SUBJECT ADDED ENTRY--TOPICAL TERM |
| Topical term or geographic name as entry element |
Sarjapur |
| 700 ## - ADDED ENTRY--PERSONAL NAME |
| Personal name |
Rajan |
| Relator term |
Guide |
| 700 ## - ADDED ENTRY--PERSONAL NAME |
| Personal name |
Chandrashekar |
| Relator term |
Guide |
| 942 ## - ADDED ENTRY ELEMENTS (KOHA) |
| Source of classification or shelving scheme |
|
| Koha item type |
UG-Thesis and Dissertations |